000
00437nam a2200145Ia 4500
008
100204s9999 xx 000 0 und d
082
_b
4443
100
_a
राजवाडे राजा
245
_a
हातकडया
260
_b
"डिंंंंप्ंाल पब्लिकेशन, वसई"
_c
1981
300
_a
152
630
_a
हातकडया
730
_a
हातकडया
942
_c
BOOK
999
_c
449189
_d
449186